| 000 | 00646nam a2200229 a 4500 | ||
|---|---|---|---|
| 001 | 000012103 | ||
| 005 | 20200929162709.0 | ||
| 008 | 091104s1995 sp 000 0bspa d | ||
| 020 | _a8420646873 | ||
| 040 |
_aDO-SdBNP _bspa _cBNPHU |
||
| 082 |
_a927.8 _bD988C |
||
| 100 | 1 |
_aCampo, Diego del _928596 |
|
| 245 | 1 | 0 |
_aDvorák / _cDiego del Campo. |
| 260 |
_aMadrid : _bAlianza, _c1995. |
||
| 300 |
_a63 p. ; _c15 cm. |
||
| 490 | 1 |
_aAlianza cien _v87 |
|
| 600 | 1 | 0 |
_aDVORÁK, ANTONÍN, _d1841-1904 _vBIOGRAFÍA _928597 |
| 650 | 4 |
_aCompositores checo _vBIOGRAFÍAS _928598 |
|
| 830 | 0 |
_aAlianza cien ; _v87 _912832 |
|
| 910 | _aWM | ||
| 049 | _aBNPHU | ||
| 999 |
_c11768 _d11768 |
||